[Event "Judewicz Memorial U2200 sf 6th"]
[Site "Mar del Plata"]
[Date "2019.09.20"]
[Round "1.6"]
[White "Sapienza, Julian"]
[Black "Schwerdt, Julian"]
[Result "1-0"]
[WhiteElo "2048"]
[BlackElo "1614"]
[PlyCount "51"]
[EventDate "2019.09.20"]
[EventType "swiss"]
[EventRounds "7"]
[EventCountry "ARG"]
[SourceTitle "EXT 2024"]
[Source "ChessBase"]
[SourceDate "2023.10.10"]
[SourceVersion "1"]
[SourceVersionDate "2023.10.10"]
[SourceQuality "1"]

1. e4 c5 2. Nf3 d6 3. d4 cxd4 4. Nxd4 Nf6 5. Nc3 a6 6. Bg5 e5 7. Nf5 Bxf5 8. exf5 h6 9. Bh4 Be7 10. g4 Qa5 11. Qd2 Nc6 12. Rg1 Nd4 13. Bg2 Rc8 14. Bxb7 Rb8 15. Bg2 Rxb2 16. Rc1 Nxg4 17. Bxe7 Nxh2 18. Kd1 Kxe7 19. Nd5+ Qxd5 20. Bxd5 Nhf3 21. Bxf3 Nxf3 22. Qc3 Rxc2 23. f6+ gxf6 24. Qxc2 Nxg1 25. Qf5 Rb8 26. Rc7+ 1-0

[Event "Daireaux IRT 3rd"]
[Site "Daireaux"]
[Date "2019.07.06"]
[Round "1.2"]
[White "Schwerdt, Julian"]
[Black "Santopietro, Gerardo"]
[Result "1-0"]
[WhiteElo "1631"]
[BlackElo "2130"]
[PlyCount "95"]
[EventDate "2019.07.06"]
[EventType "swiss"]
[EventRounds "7"]
[EventCountry "ARG"]
[SourceTitle "EXT 2024"]
[Source "ChessBase"]
[SourceDate "2023.10.10"]
[SourceVersion "1"]
[SourceVersionDate "2023.10.10"]
[SourceQuality "1"]

1. e4 c5 2. Nc3 Nc6 3. f4 d6 4. Nf3 Nf6 5. Bb5 Bd7 6. 0-0 e6 7. Bxc6 Bxc6 8. Qe1 Be7 9. f5 e5 10. d3 h6 11. a4 Qd7 12. Bd2 b6 13. b3 Qb7 14. Nb5 a6 15. Na3 b5 16. axb5 axb5 17. c4 bxc4 18. bxc4 Qb3 19. Nb5 0-0 20. Qg3 Kh7 21. Nc7 Rxa1 22. Rxa1 Rc8 23. Ne6 fxe6 24. Qg6+ Kh8 25. Bxh6 gxh6 26. Qxh6+ Nh7 27. Qxe6 Qb7 28. Ra7 Qb1+ 29. Kf2 Qc2+ 30. Ke3 Qc1+ 31. Kf2 Qb2+ 32. Ke3 Re8 33. Rxe7 Rxe7 34. Qxe7 Qb8 35. Nh4 Be8 36. f6 Nxf6 37. Qxf6+ Kg8 38. Nf5 Qc7 39. Nxd6 Qd7 40. Qg5+ Kh8 41. Nxe8 Qd4+ 42. Kf3 Qxd3+ 43. Qe3 Qd1+ 44. Kg3 Qh5 45. Nf6 Qg5+ 46. Ng4 Qd8 47. Qh6+ Kg8 48. Qg6+ 1-0

[Event "Mem Jose Pepe Macias 2nd"]
[Site "Pehuajo"]
[Date "2018.05.26"]
[Round "4.7"]
[White "Schwerdt, Julian"]
[Black "Carabajal, Lucas"]
[Result "1/2-1/2"]
[WhiteElo "1494"]
[BlackElo "1544"]
[PlyCount "41"]
[EventDate "2018.05.25"]
[EventType "swiss"]
[EventRounds "6"]
[EventCountry "ARG"]
[SourceTitle "EXT 2024"]
[Source "ChessBase"]
[SourceDate "2023.10.10"]
[SourceVersion "1"]
[SourceVersionDate "2023.10.10"]
[SourceQuality "1"]

1. e4 c6 2. d4 d5 3. exd5 cxd5 4. Nf3 Nf6 5. Bd3 e6 6. 0-0 Be7 7. c3 h6 8. Ne5 0-0 9. Ng4 Nxg4 10. Qxg4 f5 11. Qh5 Qe8 12. Qxe8 Rxe8 13. c4 dxc4 14. Bxc4 Kf7 15. Nc3 a6 16. a3 Nc6 17. d5 Na5 18. dxe6+ Bxe6 19. Bxe6+ Kxe6 20. Re1+ Kf7 21. Nd5 1/2-1/2

[Event "ARG-ch sf U1700"]
[Site "General Pico"]
[Date "2018.05.12"]
[Round "1.1"]
[White "Schwerdt, Julian"]
[Black "Etchepareborda, Juan"]
[Result "0-1"]
[WhiteElo "1494"]
[BlackElo "1644"]
[PlyCount "55"]
[EventDate "2018.05.12"]
[EventType "swiss"]
[EventRounds "6"]
[EventCountry "ARG"]
[SourceTitle "EXT 2024"]
[Source "ChessBase"]
[SourceDate "2023.10.10"]
[SourceVersion "1"]
[SourceVersionDate "2023.10.10"]
[SourceQuality "1"]

1. e4 c5 2. Nc3 g6 3. f4 Bg7 4. Nf3 Nf6 5. Bc4 0-0 6. 0-0 e6 7. Qe1 d5 8. exd5 exd5 9. Be2 Re8 10. Ne5 Nc6 11. Bb5 c4 12. Qh4 a6 13. Bxc6 bxc6 14. d4 cxd3 15. cxd3 Qb6+ 16. Kh1 Bf5 17. g4 Bxd3 18. Nxd3 d4 19. Na4 Qb5 20. Nac5 Ne4 21. a4 Qc4 22. b3 Qc2 23. Ba3 Nxc5 24. Nxc5 Bf8 25. Nd7 Bg7 26. Nf6+ Bxf6 27. Qxf6 Re2 28. Qh4 0-1